=LDR 00000nam 2200000 4500 =001 INLIS000000000044278 =005 20131008105536 =008 ***********************************ind** =035 ##$$0010-101300000002200 =041 ##$$a ind =082 ##$$a 350 =090 ##$$a 350, Set i =100 ##$$a SETIADI, Elly M =245 ##$$a Ilmu Sosial =260 ##$$a 2008 $b Jakarta =300 ##$$a xi, 218 hlm, ilus, 21 cm =650 ##$$a Ilmu Sosial =700 ##$$a Hakam, H,Kama Abdul =850 ##$$a NBPNMAT